Statistics for Skylanders Imaginators Skylanders

Click here to take the quiz!

General Stats

  • This quiz has been taken 18 times
  • The average score is 25 of 31

Answer Stats

HintAnswer% Correct
You don't get to know this element you FOOL!Kaos
100%
LifeAmbush
92%
LifeCrash Bandicoot
92%
TechDr. Neo Cortex
92%
EarthGolden Queen
92%
WaterKing Pen
92%
DarkStarcast
92%
UndeadWolfgang
92%
AirAir Strike
83%
LightAurora
83%
LightBlaster Tron
83%
LifeChompy Mage
83%
UndeadChopscotch
83%
FireEmber
83%
FireFlare Wolf
83%
WaterGrave Clobber
83%
DarkHood Sickle
83%
MagicMysticat
83%
AirBad Juju
75%
EarthBarbella
75%
LifeBoom Bloom
75%
MagicBuckshot
75%
TechDr. Krankcase
75%
MagicPain-Yatta
75%
UndeadPit Boss
75%
TechRo-Bow
75%
WaterTidepool
75%
EarthTri-Tip
75%
AirWild Storm
75%
TechChain Reaction
67%
FireTae Kwon Crow
67%

Score Distribution

Percentile by Number Answered

Percent of People with Each Score

Your Score History

You have not taken this quiz